00597nam a2200205 a 45000010010000000030011000100080041000210350026000620820015000881000016001032450021001192600047001406500018001878560043002059420012002489520090002609900006003509980020003569990015003760000-9160ELIB.Books110520 1966  a(ELIB.Books)0000-9312 a28.5 bHun aHunt, Irene aUp A Road Slowly bChicago: Follett Publishing Company c1966 aYoung Readers nK.B.T.S LibraryuK.B.T.S Library ELIB. 2ddccBK 00102ddc4070aKBTSbKBTSd2011-05-20l0p7009r2022-01-22 00:00:00w2022-01-22yBK a1 cbate2011-05-20 c9160d9160